Ciclo de conferencias sobre derecho agrario

Tallennettuna:
Bibliografiset tiedot
Yhteisötekijä: Costa Rica. Corte Suprema de Justicia
Aineistotyyppi: Teksti
Julkaistu: San José: La Corte
Aiheet:
Tagit: Lisää tagi
Ei tageja, Lisää ensimmäinen tagi!

MARC

LEADER 00000 a a2200000 04500
001 16623
003
040
090 |a EXTRAVIADO  
110 |a Costa Rica. Corte Suprema de Justicia  
245 |a Ciclo de conferencias sobre derecho agrario  
260 |a San José:   |b La Corte  
300 |a 67 p.  
650 |a DERECHO  
999 |c 10289  |d 10289